000 00995nam a22003017a 4500
003 CHAP
005 20220329140037.0
008 971013s r 10010 d
010 _a46121
011 _a47093
035 _a51234
040 _cCHAP
090 _aFolleto 8068
111 0 0 _aReunión de Técnicos Especialistas en Nogal (
_n1
_d: 1970
_c: Torreón, Coah.)
_996342
245 _aMemoria
260 _aTorreón, Coah. :
_bCentro de Investigaciones Agrícolas del Noreste,
_c(s.a.)
300 _a83 p.
590 _aBATCH-UPD
_b10
_c20130110
_lUCH01
_h1705
590 _aBATCH-UPD
_b10
_c20130410
_lUCH01
_h1052
590 _aBATCH-UPD
_b10
_c20130914
_lUCH01
_h1828
590 _aCONVERSION
_b10
_c20130109
_lUCH01
_h1325
650 1 4 _aNogal
_xCongresos.
_981548
650 1 4 _aNuez
_xCongresos.
_982177
710 0 _aMéxico. INIA. Centro de Investigaciones Agrícolas del Noreste.
_977069
901 _aBK
942 _cFOLL
949 _aFolleto 8068
_bBC
_cFOLL
_d-114736
_eTS1
_i51234
_si
999 _c46121
_d46121